000 00217nam a22000977a 4500
999 _c64934
_d64931
082 _aS.A س ع ی
100 _aمولینا سعید انصاری
245 _aسیرلصحابیات
300 _a۱۹۵
942 _cBK